| 000 | 01096nam a2200289Ia 4500 | ||
|---|---|---|---|
| 001 | G5287 | ||
| 003 | IT-RoPAU | ||
| 008 | 130308s9999 xx 000 0 und d | ||
| 040 | _aIT-RoPAU | ||
| 040 | _cIT-RoPAU | ||
| 041 | _aITALIANO | ||
| 100 | _aSchmidt Siegfried | ||
| 100 | _gCodice Aut. SPICS: 1471 | ||
| 245 | _aStudio empirico della letteratura (Lo) | ||
| 245 | _bEsperienza del testo (L') | ||
| 250 | _a1a ed. | ||
| 260 | _aROMA | ||
| 260 | _bMeltemi | ||
| 260 | _c1999 [1° Ed.:1999 - Ed.Ling.Originale:0] | ||
| 300 | _a"27 p. (prefazione: no ; testo: 27 [pagine: 41-67])" | ||
| 500 | _aStoria. Aspetti Epistemologici. Base Metateorica: Dall'Accumulazione Dellaconoscenza Alla soluzione dei Problemi. Teoria Letteraria di Base: Dai Testi Letterari al Sistema Letterario. Conseguenze: nozione di Significato, Comprensione dei Testi, Comprensione Come Categoria dell'Osservatore, Interpretazione, Specificazione Costruttivista del Concetto di Empirico. | ||
| 650 | _aLINGUISTICA | ||
| 650 | _eCodice materia Spics: 3201 | ||
| 942 | _cBK | ||
| 957 | _71 | ||
| 999 |
_c77854 _d77854 |
||
| 999 | _g1 | ||